<?xml version="1.0" encoding="UTF-8"?>
<record
    xmlns:xsi="http://www.w3.org/2001/XMLSchema-instance"
    xsi:schemaLocation="http://www.loc.gov/MARC21/slim http://www.loc.gov/standards/marcxml/schema/MARC21slim.xsd"
    xmlns="http://www.loc.gov/MARC21/slim">

  <leader>03867nam a2200541Ia 4500</leader>
  <controlfield tag="001">204</controlfield>
  <controlfield tag="008">241029s9999    xx            000 0 und d</controlfield>
  <datafield tag="010" ind1=" " ind2=" ">
    <subfield code="a">180</subfield>
  </datafield>
  <datafield tag="041" ind1=" " ind2=" ">
    <subfield code="a">Espa&#xF1;ol</subfield>
  </datafield>
  <datafield tag="082" ind1=" " ind2=" ">
    <subfield code="a">2012/BUNEVS.L31</subfield>
  </datafield>
  <datafield tag="245" ind1=" " ind2="0">
    <subfield code="a">Conocimiento de qu&#xED;mica en los estudiantes de nuevo ingreso, carrera de Ciencias Naturales, Universidad Nacional Evang&#xE9;lica, Santiago, Rep&#xFA;blica Dominicana, 2012.</subfield>
  </datafield>
  <datafield tag="260" ind1=" " ind2=" ">
    <subfield code="a">Santiago</subfield>
  </datafield>
  <datafield tag="300" ind1=" " ind2=" ">
    <subfield code="a">85</subfield>
  </datafield>
  <datafield tag="520" ind1=" " ind2=" ">
    <subfield code="a">36</subfield>
  </datafield>
  <datafield tag="630" ind1=" " ind2=" ">
    <subfield code="a">Aptitudes</subfield>
  </datafield>
  <datafield tag="630" ind1=" " ind2=" ">
    <subfield code="a">Educaci&#xF3;n Superior</subfield>
  </datafield>
  <datafield tag="650" ind1=" " ind2=" ">
    <subfield code="a">Gesti&#xF3;n Educativa</subfield>
  </datafield>
  <datafield tag="690" ind1=" " ind2=" ">
    <subfield code="a">Sintetizado</subfield>
  </datafield>
  <datafield tag="700" ind1=" " ind2=" ">
    <subfield code="e">asesor</subfield>
    <subfield code="a">Reyes, Rafael</subfield>
  </datafield>
  <datafield tag="700" ind1=" " ind2=" ">
    <subfield code="e">autor</subfield>
    <subfield code="a">Lebr&#xF3;n Disla , Sara</subfield>
  </datafield>
  <datafield tag="700" ind1=" " ind2=" ">
    <subfield code="e">autor</subfield>
    <subfield code="a">Liranzo Salas , Yaniris J.</subfield>
  </datafield>
  <datafield tag="901" ind1=" " ind2=" ">
    <subfield code="a">{"1":"Lebr&#xF3;n Disla ","2":"Liranzo Salas "}</subfield>
    <subfield code="b">{"1":"Sara","2":"Yaniris J."}</subfield>
  </datafield>
  <datafield tag="902" ind1=" " ind2=" ">
    <subfield code="a">1</subfield>
  </datafield>
  <datafield tag="903" ind1=" " ind2=" ">
    <subfield code="a">{"1":"Reyes"}</subfield>
    <subfield code="b">{"1":"Rafael"}</subfield>
  </datafield>
  <datafield tag="904" ind1=" " ind2=" ">
    <subfield code="a">Mag&#xED;ster en</subfield>
  </datafield>
  <datafield tag="905" ind1=" " ind2=" ">
    <subfield code="a">Gesti&#xF3;n Educativa</subfield>
  </datafield>
  <datafield tag="906" ind1=" " ind2=" ">
    <subfield code="a">2</subfield>
  </datafield>
  <datafield tag="907" ind1=" " ind2=" ">
    <subfield code="a">NO APLICA</subfield>
  </datafield>
  <datafield tag="908" ind1=" " ind2=" ">
    <subfield code="a">NO APLICA</subfield>
  </datafield>
  <datafield tag="909" ind1=" " ind2=" ">
    <subfield code="a">Universidad Nacional Evang&#xE9;lica (UNEV), Recinto Santiago</subfield>
  </datafield>
  <datafield tag="910" ind1=" " ind2=" ">
    <subfield code="a">NULL</subfield>
    <subfield code="b">NULL</subfield>
  </datafield>
  <datafield tag="911" ind1=" " ind2=" ">
    <subfield code="a">["1"]</subfield>
  </datafield>
  <datafield tag="912" ind1=" " ind2=" ">
    <subfield code="a">NO APLICA</subfield>
  </datafield>
  <datafield tag="913" ind1=" " ind2=" ">
    <subfield code="a">NULL</subfield>
  </datafield>
  <datafield tag="914" ind1=" " ind2=" ">
    <subfield code="a">01 de Noviembre de 2012</subfield>
  </datafield>
  <datafield tag="915" ind1=" " ind2=" ">
    <subfield code="a">21/11/19 04:11</subfield>
  </datafield>
  <datafield tag="916" ind1=" " ind2=" ">
    <subfield code="a">NULL</subfield>
  </datafield>
  <datafield tag="917" ind1=" " ind2=" ">
    <subfield code="a">NULL</subfield>
  </datafield>
  <datafield tag="918" ind1=" " ind2=" ">
    <subfield code="a">NO APLICA</subfield>
  </datafield>
  <datafield tag="919" ind1=" " ind2=" ">
    <subfield code="a">["22","83"]</subfield>
  </datafield>
  <datafield tag="520" ind1=" " ind2=" ">
    <subfield code="a">Esta investigaci&#xF3;n trat&#xF3;&#xA0;de analizar&#xA0;las dificultades que han presentado los estudiantes de nuevo ingreso, en el aprendizaje de los contenidos de Qu&#xED;mica de la carrera de Ciencias Naturales, de la Universidad Nacional Evang&#xE9;lica, recinto Santiago. Por lo tanto, esta investigaci&#xF3;n se circunscribi&#xF3; &#xFA;nicamente a las informaciones suministradas por el personal docente, discente y administrativo del mismo. El objetivo general fue analizar el nivel de conocimiento de qu&#xED;mica de los estudiantes de nuevo ingreso de la carrera de Ciencias Naturales en la Universidad Nacional Evang&#xE9;lica, Santiago.&#xA0;Fue una investigaci&#xF3;n mixta, por ser de campo y descriptiva. El m&#xE9;todo utilizado fue el inductivo, se emple&#xF3; la t&#xE9;cnica de la encuesta de preguntas abiertas y cerradas, tambi&#xE9;n el cuestionario y la observaci&#xF3;n, la escala de la recolecci&#xF3;n de datos es cuantitativa, por ende, es una investigaci&#xF3;n de tipo descriptiva. Se aplic&#xF3; un cuestionario a los cuatro (4) docentes que imparten qu&#xED;mica en la Instituci&#xF3;n de Educaci&#xF3;n Superior, que consta de diez (10) preguntas. El universo est&#xE1; compuesto por docentes, discentes y autoridad de la Universidad en estudio. La muestra es de cuatro (4) docentes, cuarenta y tres (43) discentes y el director de la Universidad.&#xA0;Se concluy&#xF3;&#xA0;que: relativo al manejo de la tabla peri&#xF3;dica el 40% de estudiantes afirman que dominan el 50% de elementos de la tabla peri&#xF3;dica y su simbolog&#xED;a, el 26% que dominan 75% de los contenidos, el 23% s&#xF3;lo domina el 25% de los s&#xED;mbolos y tan s&#xF3;lo el 12% afirma tener 100% manejo de dichos elementos. Dentro de las reacciones &#xA0;que fueron impartidas en bachiller, el 36% contest&#xF3; que los &#xE1;cidos, el 17% los hidr&#xF3;xidos e hidruros, respectivamente, el 9% las sales, 2% el&#xA0;&#xF3;xido redox y el 19% expres&#xF3; que todos los temas. Respecto el dominio del balanceo de las ecuaciones, el 47% afirma que domina el 25% de las reacciones qu&#xED;micas, el 35% domina el 50% de las reacciones, el 19% domina el 75% el balanceo de las reacciones.&#xA0;Dentro de la frecuencia que los docentes utilizan los laboratorios, destacaron que el 14% siempre lo utiliza, el 30% a veces y el 58% considera que nunca se le imparti&#xF3; docencia en el laboratorio. Sobre las giras educativas a empresas elaboradoras qu&#xED;micas, el 81% expres&#xF3; que nunca asistieron, el 12% que a veces se realizaron, el 5% que casi siempre y el 2% que siempre.</subfield>
  </datafield>
  <datafield tag="921" ind1=" " ind2=" ">
    <subfield code="a">11</subfield>
  </datafield>
  <datafield tag="922" ind1=" " ind2=" ">
    <subfield code="a">11</subfield>
  </datafield>
  <datafield tag="923" ind1=" " ind2=" ">
    <subfield code="a">0</subfield>
  </datafield>
  <datafield tag="924" ind1=" " ind2=" ">
    <subfield code="a">NO APLICA</subfield>
  </datafield>
  <datafield tag="942" ind1=" " ind2=" ">
    <subfield code="c">Tesis</subfield>
  </datafield>
  <datafield tag="999" ind1=" " ind2=" ">
    <subfield code="c">180</subfield>
    <subfield code="d">180</subfield>
  </datafield>
</record>
